| 000 | 00842nam a22002057a 4500 | ||
|---|---|---|---|
| 999 |
_c21019 _d21019 |
||
| 003 | AR-CdUCM | ||
| 008 | 190724b ||||| |||| 00| 0 spa d | ||
| 040 |
_aMUNICIPALIDAD PROVINCIAL DEL CUSCO _cBIBLIOTECA MUNICIPAL DEL CUSCO |
||
| 082 |
_a985.07 / _bP19 |
||
| 110 |
_aSecretaria de la prensa de la presidencia de la república _943807 |
||
| 245 | _aLa palabra del presidente Belaunde / | ||
| 260 |
_aLima : _bEditora Perú, _c1982. |
||
| 300 |
_a136 páginas ; _c21 cm. |
||
| 500 | _aPrincipales actividades y discursos del señor presidente constitucional de la república, arquitecto Fernando Belaunde Terry, correspondiente a los meses de setiembre a diciembre de 1981 y de enero a junio de 1982 | ||
| 650 |
_aPerú _935 |
||
| 650 |
_aObras _96865 |
||
| 650 |
_aGobierno constitucional _943808 |
||
| 942 |
_2ddc _cLIBROS |
||
| 945 | _azta | ||